Compendio de historia de España. (Record no. 187359)

MARC details
000 -LEADER
campo de control de longitud fija 00603nam a2200169 i 4500
001 - NÚMERO DE CONTROL
campo de control 187359
003 - IDENTIFICADOR DE NÚMERO DE CONTROL
campo de control SpMaBN
005 - FECHA Y HORA DE LA ÚLTIMA TRANSACCIÓN
campo de control 20230906222909.0
008 - DATOS DE LONGITUD FIJA--INFORMACIÓN GENERAL
campo de control de longitud fija 170615s1923 sp |||| | spa d
100 1# - ENTRADA PRINCIPAL--NOMBRE DE PERSONA
Nombre de persona Martín de la Calle, Marcos.
9 (RLIN) 163060
245 10 - MENCIÓN DEL TÍTULO
Título Compendio de historia de España.
Número de parte o sección de la obra II /
Mención de responsabilidad, etc. por D. Marcos M. de la Calle.
260 ## - PUBLICACIÓN, DISTRIBUCIÓN, ETC.
Lugar de publicación, distribución, etc. Barcelona :
Nombre del editor, distribuidor, etc. Imp. Verdaguer,
Fecha de publicación, distribución, etc. 1923.
300 ## - DESCRIPCIÓN FÍSICA
Extensión 1 v. (385 p.) ;
Dimensiones 23 cm.
505 8# - NOTA DE CONTENIDO CON FORMATO
Nota de contenido con formato Contiene: v. 2
651 #4 - PUNTO DE ACCESO ADICIONAL DE MATERIA--NOMBRE GEOGRÁFICO
Nombre geográfico España-
Subdivisión general Historia.
9 (RLIN) 8209
852 ## - LOCALIZACIÓN
Ubicación ES-MaACL
Número de control de estantería L-31715
Nota libre - Enc. cart.
-- . - Donat. herederos de la bibl. de Mª del Pilar Costa Palacín
Holdings
Estatus retirado Estado de pérdida Estado de daño No para préstamo Biblioteca de origen Biblioteca actual Ubicación en estantería Fecha de adquisición Fuente de adquisición Total de préstamos Signatura topográfica completa Código de barras Visto por última vez Precio de reemplazo Tipo de ítem Koha
        Biblioteca del Ateneo de Madrid Biblioteca del Ateneo de Madrid Depósito 2 15/06/2017     L-31715 1197738 23/02/2023 23/02/2023 Libro impreso